000 00414nam a2200145 a 4500
001 000049025
005 20201002061610.0
008 190715s1996 dr 000 spa d
040 _aDO-SdBNP
_bspa
_cBNPHU
082 _axxx
_bE795
245 0 _aEstatutos :. :
_bInstituto Tecnológico de Santo Domingo.
260 _aSanto Domingo :
_bINTEC,
_c1996.
300 _a15 p. ;
_c21 cm.
590 _aInventariado, 2019 / DG
999 _c48513
_d48513